Online
Catalog

A pompa funeral e festiva como exaltación do poder o cerimonial en Lugo / (Record no. 37066)

MARC details
000 -CABECERA
campo de control de longitud fija 00990nam a2200241 a 4500
001 - NÚMERO DE CONTROL
campo de control 000037576
005 - FECHA Y HORA DE LA ÚLTIMA TRANSACCIÓN
campo de control 20200930080441.0
008 - DATOS DE LONGITUD FIJA--INFORMACIÓN GENERAL
campo de control de longitud fija 120501s1999 sp ac r 001 0 spa d
020 ## - NÚMERO INTERNACIONAL ESTÁNDAR DEL LIBRO
Número Internacional Estándar del Libro 8400077369
040 ## - FUENTE DE LA CATALOGACIÓN
Centro catalogador/agencia de origen DO-SdBNP
Lengua de catalogación spa
Centro/agencia transcriptor BNPHU
082 ## - NÚMERO DE LA CLASIFICACIÓN DECIMAL DEWEY
Número de clasificación xxxx
Número de documento/Ítem xxxx
100 1# - ENTRADA PRINCIPAL--NOMBRE DE PERSONA
Nombre de persona Abel Vilela, Adolfo de
9 (RLIN) 64039
245 10 - MENCIÓN DE TÍTULO
Título A pompa funeral e festiva como exaltación do poder o cerimonial en Lugo /
Mención de responsabilidad, etc. Adolfo de Abel Vilela ; prólogo Eduardo Pardo Guevara y Valdés.
260 ## - PUBLICACIÓN, DISTRIBUCIÓN, ETC.
Lugar de publicación, distribución, etc. Santiago de Compostela :
Nombre del editor, distribuidor, etc. C.S.I.C.,
Fecha de publicación, distribución, etc. 1999.
300 ## - DESCRIPCIÓN FÍSICA
Extensión 348 p. ;
Dimensiones 24 cm.
490 1# - MENCIÓN DE SERIE
Mención de serie Cuadernos de estudios gallegos
Designación de volumen o secuencia 27
500 ## - NOTA GENERAL
Nota general Incluye referencias bibliográficas y notas al pie de las páginas
590 ## - NOTA LOCAL (RLIN)
Nota local Inventariado, 2019/BT
700 1# - PUNTO DE ACCESO ADICIONAL--NOMBRE DE PERSONA
Nombre de persona Guevara y Valdés, Eduardo Pardo de,
Término indicativo de función/relación pról.
9 (RLIN) 64035
710 2# - PUNTO DE ACCESO ADICIONAL--NOMBRE DE ENTIDAD CORPORATIVA
Nombre de entidad corporativa o nombre de jurisdicción como elemento de entrada Consejo de Investigaciones Científicas
9 (RLIN) 64040
710 2# - PUNTO DE ACCESO ADICIONAL--NOMBRE DE ENTIDAD CORPORATIVA
Nombre de entidad corporativa o nombre de jurisdicción como elemento de entrada Instituto de Estudios, Padre Sarmiento de Estudios Gallegos
9 (RLIN) 64041
830 #0 - PUNTO DE ACCESO ADICIONAL DE SERIE-TÍTULO UNIFORME
Título uniforme Cuadernos de estudios gallegos
Número de parte o sección de la obra 27
9 (RLIN) 64042
Holdings
Estado de retiro Estado de pérdida Restricciones de uso No para préstamo Código de colección Localización permanente Ubicación/localización actual Ubicación en estantería Fecha de adquisición Número de inventario Total de préstamos Signatura topográfica completa Código de barras Fecha visto por última vez Precio válido a partir de Tipo de ítem Koha
      Excluido de préstamo Monografías: Libros y Folletos General General Depósito 01.05.2012 LF1   xxxx xxxx 37576-10 25.06.2020 25.06.2020 No se presta

Powered by Koha